[Event "CB-Emu swiss"]
[Site "?"]
[Date "2017.04.22"]
[Round "3"]
[White "Roma 32, Mephisto"]
[Black "Berlin Pro London V5.00, Mephisto"]
[Result "1/2-1/2"]
[WhiteElo "2120"]
[BlackElo "2260"]
[Annotator "Komodo 10.3 32-bit (60s)"]
[PlyCount "107"]
[EventDate "2017.??.??"]
[EventType "swiss"]

{A45: Damenbauernspiele (Trompowski-Angriff)} 1. d4 Nf6 2. Bg5 Ne4 3. Bh4 c5 4.
f3 Qa5+ 5. c3 Nf6 6. d5 Qb6 7. b3 e5 (7... d6 8. e4 g6 9. a4 Bg7 10. a5 Qc7 11.
Nd2 O-O 12. Nc4 Nbd7 13. Bd3 Ne5 14. Ne2 Bd7 15. Nxe5 dxe5 16. O-O b5 17. axb6
axb6 18. Qd2 e6 19. c4 Qb7 20. b4 exd5 21. cxd5 cxb4 22. Qxb4 {Fernandes,A 
(2438)-Zaw,W (2533) Istanbul 2000 1-0 (45)}) (7... e6 8. e4 Be7 9. Bf2 O-O 10.
Ne2 exd5 11. exd5 Bd6 12. Na3 Re8 13. Qd3 Na6 14. O-O-O Nc7 15. Nc4 Qa6 16.
Nxd6 Qxd6 17. Bg3 Qb6 18. c4 d6 19. Nc3 Bd7 20. Ne4 Nxe4 21. fxe4 a5 22. a4 {
Langendijk,A (1879)-Baumann,S (1853) Germany 2014 1-0 (44)}) 8. dxe6 dxe6 $146
(8... Qxe6 9. e4 Be7 10. Bc4 d5 11. Bxf6 dxc4 12. Bxe7 Kxe7 13. Ne2 cxb3 14.
axb3 Rd8 15. Qc2 Qh6 16. O-O Qe3+ 17. Kh1 Nc6 18. Ng3 Kf8 19. Ra2 Be6 20. f4
Qd3 21. Qf2 Bxb3 22. Rb2 Qb5 23. Na3 {Biriukov,I (2281)-Gasanov,E (2418) Tula
2004 0-1 (37)}) 9. Bxf6 (9. e4 Be7 $11) 9... gxf6 10. e4 Rg8 (10... Nc6 11. Nd2
$15) 11. Nd2 Nc6 (11... Bd7 12. f4 $11) 12. Nc4 (12. Qc2 Qc7 $11) 12... Qc7 $15
13. Qd2 (13. a4 Bd7 $15) 13... Bd7 (13... b5 14. Ne3 c4 15. Rd1 $17) 14. Rd1 (
14. O-O-O O-O-O $17) 14... O-O-O $17 15. Ne2 Be8 (15... Ne5 16. Nxe5 fxe5 17.
Ng3 $17) 16. Qc1 (16. Qe3 $142 $5 $15 {ist zu prüfen}) 16... Rxd1+ $17 17. Qxd1
Ne5 (17... b5 18. Nb2 $17) 18. Nxe5 fxe5 19. Qd2 (19. Ng3 Bc6 20. Qc1 Qe7 $17)
19... Qd6 (19... c4 $142 $5 $17) 20. Qxd6 $15 Bxd6 21. g4 Bc6 22. Nc1 Kc7 23.
Kf2 f5 24. exf5 (24. gxf5 exf5 25. exf5 e4 26. fxe4 Bxe4 $11) 24... exf5 (24...
e4 $5 25. Be2 exf5 26. gxf5 Rf8 $17) 25. gxf5 $15 e4 26. fxe4 Bxe4 27. Rg1 Rxg1
28. Kxg1 Bxf5 29. Bd3 Bxd3 30. Nxd3 c4 31. bxc4 Kc6 32. h3 Be7 33. Kf2 Bf6 34.
Ke3 Bxc3 35. Ke4 Bf6 36. Kf5 Bd4 37. Ke4 Bc3 38. h4 Bf6 39. h5 Bc3 40. Kf4 Bd4
41. Kf5 Ba1 42. Ke6 Bc3 43. Kf7 Bd2 44. Kg7 h6 45. Nf2 b5 46. cxb5+ Kxb5 47.
Ng4 Kb4 48. Nxh6 Ka3 49. Ng4 {Jetzt hängt h6 in der Luft} a5 50. Nf6 Kxa2 51.
Ne4 Be3 52. h6 Bxh6+ 53. Kxh6 a4 54. Nc3+ 1/2-1/2

[Event "CB-Emu swiss"]
[Site "?"]
[Date "2017.05.13"]
[Round "3"]
[White "Berlin Pro, Mephisto"]
[Black "Almeria, Mephisto"]
[Result "1-0"]
[WhiteElo "2330"]
[BlackElo "2175"]
[Annotator "Komodo 10.3 32-bit (60s)"]
[PlyCount "139"]
[EventDate "2017.??.??"]
[EventType "swiss"]

{C92: Spanische Partie (Tschigorin-Variante)} 1. e4 e5 2. Nf3 Nc6 3. Bb5 a6 4.
Ba4 Nf6 5. O-O Be7 6. Re1 b5 7. Bb3 d6 8. c3 O-O 9. h3 Bb7 10. d4 Re8 11. Nbd2
Bf8 12. a3 g6 13. Ba2 Bg7 14. b4 a5 (14... h6 15. Bb2 Nh5 16. d5 Ne7 17. Nb3
Rf8 18. c4 bxc4 19. Na5 Bc8 20. Rc1 f5 21. exf5 Nf4 22. Rxc4 Bxf5 23. Nxe5 Bxh3
24. Nb7 Qc8 25. Nxd6 cxd6 26. Rxc8 Bxc8 27. Qd2 g5 28. Nc6 Nf5 29. Bb1 {
Hjartarson,J (2590)-Short,N (2630) Belfort 1988 1-0 (36)}) 15. d5 Ne7 {
Buchende bei beiden} 16. Nf1 $146 (16. Nb3 axb4 17. cxb4 (17. axb4 Rb8 18. Na5
Ba8 19. Bg5 h6 20. Bxf6 Bxf6 21. Qd2 Bg7 22. Bb3 Kh7 23. c4 bxc4 24. Bxc4 f5
25. b5 Rf8 26. Qa2 fxe4 27. Rxe4 Rxb5 28. Bxb5 Bxd5 29. Qa4 Bxe4 30. Qxe4 d5
31. Qb4 e4 {Kveinys,A (2435)-Ibragimov,I (2455) Warsaw 1991 1-0 (42)}) 17... h6
(17... Nxe4 18. Rxe4 Bxd5 19. Nfd2 f5 20. Re1 e4 21. Na5 Qd7 22. Bxd5+ Nxd5 23.
Ndb3 Qf7 24. Be3 Bxa1 25. Qxa1 f4 26. Bd4 f3 27. Qc1 Nf4 28. Ba1 h5 29. Nd4 Kh7
30. gxf3 Nxh3+ 31. Kf1 exf3 32. Nxf3 {Kosintseva,T (2511)-Shen,Y (2445) Ningpo
2008 0-1 (32)}) 18. Bb2 Bc8 19. Rc1 Nh5 20. Na5 Nf4 21. Rc2 Kh7 22. Bc1 g5 23.
Bb1 Neg6 24. Nh2 Rf8 25. g3 Nxh3+ 26. Kg2 Qd7 27. Qh5 f6 28. f3 Qf7 29. Kh1 Nh8
30. Qxf7 Rxf7 {Robson,R (2628)-Bartholomew,J (2446) Las Vegas 2014 1-0 (47)}) (
16. bxa5 c6 17. dxc6 Bxc6 $14) 16... Qd7 17. Ng3 Rf8 {Besser gefällt mir hier
17. ...c7. Im Moment glänzen beide durch Inaktivität} (17... axb4 18. cxb4 c6
19. dxc6 Nxc6 20. Qd3 $11) 18. Rb1 c6 19. dxc6 Qxc6 (19... Bxc6 20. bxa5 Rxa5
21. c4 $11) 20. bxa5 (20. Qd3 axb4 21. Rxb4 Ba6 $11) 20... Rxa5 $11 21. Qd3 {
Hier wäre 21. c4 eine bessere Option gewesen.} Ba6 {Der Sinn dieses Zuges
erschließt sich mir nicht. 21. ...Tfc8 ist mit Sicherheit besser als die
sinnlose Drohung b4 zu ziehen...} (21... Rc8 22. Qd2 Qc7 23. c4 $11) 22. Rb4
Nc8 23. Rd1 {Immer noch wäre c4 aktiver} Ra4 (23... Nd7 24. Qd2 $11) 24. Kf1 (
24. Nh2 Rd8 $11) 24... Bb7 25. Bb3 Ra5 {Txb4 wäre näher zu prüfen} 26. Kg1 Ba6
27. c4 {Na endlich...} (27. Qd2 Nd7 $11) 27... bxc4 28. Bxc4 Bxc4 29. Rxc4 Qa8
{Weiß hat eine sehr aktive Stellung. Jetzt muss er aber langsam was daraus
machen.} 30. Qc2 d5 31. exd5 (31. Rc7 dxe4 32. Bd2 Rd5 $11) 31... Rxd5 32. Rxd5
Nxd5 33. Bb2 Ncb6 34. Rc6 f6 35. Ne4 Rc8 {Irgendwie sind sich die Programme
einfach zu ähnlich. Ein wirkliches Fortkommen sieht man nicht} 36. Rxc8+ Qxc8
37. Qxc8+ Nxc8 38. Nc3 Ncb6 {Hier hätte ich eigentlich eher den Springertausch
favorisiert. Aber in dieser Stellung macht es kaum noch einen Unterschied.
Mehr als ein Remis dürfte hier nicht mehr zu holen sein.} 39. Nxd5 Nxd5 40. a4
Bf8 {Leitet das Manöver Lg7-f8-b4-c5-d4 ein} 41. Nd2 Bb4 42. Nc4 (42. Nb3 Kf7
$11) 42... Bc5 {Nicht das Beste. Kf7 sieht für mich logischer aus.} (42... Kf7
43. g4 $11) 43. a5 Kf7 44. Ba3 Bd4 {Der Läufer ist gut plaziert} 45. Kf1 Ke6
46. Bc1 f5 47. Ke2 Nc7 48. f3 e4 (48... Kd5 49. Ne3+ Kc5 50. g4 $11) 49. Be3 (
49. fxe4 fxe4 50. Be3 Bg7 $11) 49... Bc3 (49... exf3+ 50. Kxf3 Bg7 51. Bb6 $11)
50. Bd2 (50. fxe4 fxe4 51. Bb6 Na8 $14) 50... Bd4 {Almeria strebt wohl ein
Remis durch Zugwiederholung an.} 51. Na3 Be5 52. Nc2 h5 $4 {Zumindest
fragwürdig. Im Remissinne besser wäre Ld6. Der Textzug schafft nur
Schwächungen.} (52... exf3+ $142 {und Schwarz spielt mit} 53. Kxf3 Kd7 $11)
53. fxe4 $16 fxe4 {Die Chancen für einen weissen Gewinn sind gerade eklatant
gestiegen.... Dank mancher stellungswidriger Züge ist es jetzt wohl doch
vorbei mit den Remisträumen...} 54. Ke3 Kf5 (54... Na6 $142 55. Kxe4 Nc5+ 56.
Kf3 Kd5 $16) 55. g4+ $4 {Warum nicht Sd4? Der Textzug macht den Gewinn
schwerer.} (55. Nd4+ $142 {und aller Vorteil läge nun bei Weiß} Kf6 56. Kxe4
$18) 55... hxg4 $16 56. hxg4+ Kxg4 57. Kxe4 Bd6 58. Ne3+ Kh4 59. Ng2+ (59. Nc4
Bg3 $11) 59... Kg4 60. Bc3 (60. Ne3+ $5 Kh4 61. Bc3 $11) 60... Kh5 61. Ne3 Kg5
62. Be5 (62. Nc4 Bg3 $11) 62... Bxe5 $11 63. Kxe5 Na6 64. Kd6 Kf4 65. Nd5+ Kf3
$2 {Ein grandioser Bock, den ich vom Almeria nicht erwartet hätte. Nun gewinnt
der Berlin Pro problemlos} 66. Nc7 Nb8 $4 {Ein Zug zum Haare raufen...} (66...
g5 $142 $11 {bringt noch Rettung}) 67. Ne6 $18 Na6 68. Kc6 g5 69. Nxg5+ Kf4 70.
Ne6+ {Der weisse Sieg ist nicht mehr zu verhindern und der Berlin Pro weiss
das auch. Die Bewertung steigt auf +7.3. Daher wurde die Partie für Weiss als
gewonnen gewertet.} (70. Ne6+ Ke5 71. Nd8 Ke4 72. Kb6 Nb4 73. Nc6 Nd5+ 74. Kb7
Nc3 75. a6 Nb5 76. Kb6 Nd6 77. Kc5 Nc8 78. Nd4 Kf4 79. Nb5 Ke5 80. Kc6 Ke6 81.
Kc7 Ne7 82. a7 Nd5+ 83. Kb7 Ne7 84. a8=Q Nf5 85. Qe8+ Kf6 86. Qh5 Ke6 87. Kc6
Ke5 88. Nd6 Kd4 89. Qxf5 Ke3 90. Kd5 Kd2 91. Qf2+ Kc3 92. Nc4 Kb3 93. Qb2+ Ka4
94. Qa3+ Kb5 95. Qa5#) 1-0

[Event "CB-Emu swiss"]
[Site "?"]
[Date "2017.05.14"]
[Round "3"]
[White "Lyon 32, Mephisto"]
[Black "RISC 2500, Saitek"]
[Result "1-0"]
[WhiteElo "2250"]
[BlackElo "2350"]
[Annotator "Komodo 10.3 32-bit (60s)"]
[PlyCount "131"]
[EventDate "2017.??.??"]
[EventType "swiss"]

{C41: Philidor-Verteidigung} 1. e4 e5 2. Nf3 d6 3. d4 exd4 4. Nxd4 g6 5. Nc3
Bg7 {Leider sind die beiden schon jetzt auf sich selbst gestellt} 6. Bb5+ (6.
h4 Nf6 7. Bg5 h6 8. Bf4 Nc6 9. Nb3 Qe7 10. Qe2 a5 11. a4 O-O 12. O-O-O Re8 13.
f3 Nb4 14. Qd2 h5 15. Bg5 Bd7 16. Nd4 Qe5 17. Bf4 Qe7 18. Bc4 c6 19. Rhe1 Qf8
20. Kb1 d5 {Istratescu,A (2505)-Barbero,G (2520) Marcigny 1993 1-0 (34)}) 6...
Bd7 $146 {Schwarz hat Entwicklungsrückstand} (6... c6 7. Ba4 Nf6 8. Qd3 O-O 9.
Bg5 c5 10. Nf3 Bg4 11. h3 Be6 12. O-O-O {1-0 (12) Rey Besada,F (1810)-Riverol,
S (1334) Montevideo 2011}) (6... c6 7. Be2 $11) 7. O-O Bxb5 8. Ndxb5 a6 9. Nd4
(9. Bg5 Qd7 10. Nd4 Ne7 $11) 9... Nd7 (9... Nf6 10. f3 $11) 10. Be3 Ngf6 11. f3
(11. Nde2 Qb8 $11) 11... O-O $11 12. Nde2 Re8 13. Qd2 Ne5 (13... b5 14. a3 $11)
14. b3 {Verwehrt dem Gegner c4} Nc6 (14... b5 15. Rad1 $14) 15. Rad1 Qe7 (15...
b5 16. a3 $14) 16. Nd4 {Die beiden spielen auf einem guten Niveau, aber leider
auch ohne große Höhepunkte. Man könnte es eher als ein vorsichtiges Abtasten
bezeichnen.} (16. Nf4 Qd7 $14) 16... d5 $11 {Nicht gerade Stellungsgemäß. Die
Kampfhandlungen werden eröffnet, aber profitieren dürfte hier eher der Lyon.
Besser war mit Sd8 weiter abzuwarten.} 17. Nxc6 {Hier hätte der Lyon mit Sxd5
durchaus etwas mutiger sein dürfen.} bxc6 18. Bd4 dxe4 19. Bxf6 Bxf6 {Etwas
besser hätte mir Dxf6 gefallen.} 20. Nxe4 Bg7 21. Qd3 (21. g4 Rad8 22. Qa5 Rxd1
23. Rxd1 Rd8 $11) 21... f5 $11 22. Qc4+ Qe6 23. Qxe6+ Rxe6 24. Nc5 Re5 25. Nd3
Re2 26. Rf2 Re7 27. Nb4 Re6 {Die Stellung ist etwas vorteilhafter für den Lyon.
} 28. Rfd2 a5 29. Nd3 {Etwas besser dürfte Td8+ sein.} Bd4+ {Auch hier gab es
besseres. 29. ...Td6. Nun vergrößert Weiss langsam aber sicher seinen Vorteil.}
30. Kf1 Be3 (30... Rd6 $5 $11 {ist zu erwägen}) 31. Re2 $16 Rae8 32. Nb2 Kf7
33. Nc4 Bb6 34. Rxe6 Rxe6 35. c3 Re8 36. a4 Kf6 {Es ist schwer etwas besseres
zu finden. Möglicherweise war 36. ...c5 eine Option} (36... g5 37. Re1 Rd8 38.
Re5 $16) 37. h4 f4 (37... g5 38. h5 Re7 $16) 38. b4 (38. Rd7 $142 $5 h6 39. Rh7
$18) 38... Ra8 $14 39. Nxb6 cxb6 40. Rd6+ Ke5 41. Rxc6 axb4 42. cxb4 Rxa4 43.
Rxb6 {Weiß hat einen neuen Freibauern: b4} Kd5 (43... Ra1+ $142 $5 {ist eine
Alternative} 44. Kf2 Rh1 $14) 44. Kg1 Kc4 $6 {Besser Ke5} (44... Ra7 45. Kh2
$16) 45. Rf6 $18 Ra1+ 46. Kh2 Kxb4 $2 {Der Freibauer ist beseitigt, dafür
aber räumt Weiss nun am Königsflügel ab...} (46... Kd5 $142 47. Rxf4 Ke6 $18
) 47. Rxf4+ Kc3 {Das entstandene Endspiel ist für den RISC nicht zu halten...}
48. Rf7 Kd4 49. Rxh7 Ke5 50. Rh6 (50. Rb7 Kf4 51. Rb6 Ra7 52. Rxg6 Ra5 $18)
50... Kf6 51. h5 Kg5 52. Rxg6+ Kxh5 53. Rg8 (53. Rg7 $142 {ist genauer} Ra2 54.
f4 $18) 53... Ra4 (53... Ra2 $18) 54. g3 Kh6 55. f4 Kh7 56. Rg4 (56. Rg5 Kh6
57. Kh3 Ra1 $18) 56... Ra5 (56... Ra1 57. Rg5 Kh6 $18) 57. Kh3 Kh6 58. Rg8 Kh7
59. Rb8 Kg7 60. g4 Kg6 61. Kh4 Ra4 62. f5+ Kf6 63. Rb5 Kf7 64. Kg5 Ra7 65. f6
Kg8 66. Kf5 {Der RISC zeigt nun zwischenzeitlich eine Bewertung von -8,xx an.
Daher wurde die Partie zugunsten von Weiss abgeschätzt.} 1-0